| 000 | 00706nam a2200217Ia 4500 | ||
|---|---|---|---|
| 003 | GCL | ||
| 008 | 140319s9999 xx 000 0 ara d | ||
| 040 |
_aGCL / _cGCL |
||
| 082 | 0 | 4 |
_a321.4 _bع د |
| 100 | 1 | _aعبدالرحمن منيف | |
| 245 | 1 | 0 |
_aالديمقراطية اولا الديمقراطية دائما / _cعبدالرحمن منيف |
| 260 |
_a[S.N] : _bالمؤسسة العربية للدراسات والنشر ، _c1992 |
||
| 300 | _a342 ص | ||
| 490 | _a | ||
| 650 | 0 | 4 | _aالعالم العربى |
| 650 | 0 | 4 | _aالديمقراطية |
| 650 | 0 | 4 | _aلبنان |
| 650 | 0 | 4 | _aالحرب الاهلية |
| 650 | 0 | 4 | _aالنظام العالمى الحديث |
| 942 |
_2ddc _cBK |
||
| 999 |
_c52242 _d52242 |
||